Manažment inovácií podniku manažment výrobkových inovácií v podniku
Salvato in:
| Autore principale: | |
|---|---|
| Ente Autore: | |
| Altri autori: | , , |
| Natura: | Libro |
| Lingua: | slovacco |
| Pubblicazione: |
Bratislava
Vydavateľstvo EKONÓM
2005
|
| Edizione: | 2. vyd. |
| Soggetti: | |
| Tags: |
Nessun Tag, puoi essere il primo ad aggiungerne!!
|
MARC
| LEADER | 00000nam$a2200000$$$4500 | ||
|---|---|---|---|
| 001 | 0028443 | ||
| 005 | 20240502071431.0 | ||
| 020 | |a 80-225-2009-8 | ||
| 020 | |a 978-80-225-2483-4 | ||
| 041 | 0 | |a slo | |
| 044 | |a SK | ||
| 245 | 1 | 0 | |a Manažment inovácií podniku |b manažment výrobkových inovácií v podniku |c Pavol Molnár, Andrej Dupaľ |
| 250 | |a 2. vyd. | ||
| 264 | 1 | |a Bratislava |b Vydavateľstvo EKONÓM |c 2005 | |
| 300 | |a 167 s. | ||
| 610 | 2 | 0 | |a podnik |
| 610 | 2 | 0 | |a inovácia |
| 610 | 2 | 0 | |a manažment |
| 610 | 2 | 0 | |a inovácia výrobkov |
| 610 | 2 | 0 | |a riadenie |
| 610 | 2 | 0 | |a výrobky |
| 610 | 2 | 0 | |a cyklus výrobku životný |
| 610 | 2 | 0 | |a ceny |
| 610 | 2 | 0 | |a produkty |
| 610 | 2 | 0 | |a obchod |
| 610 | 2 | 0 | |a licencie |
| 610 | 2 | 0 | |a stratégia podniková |
| 610 | 2 | 0 | |a prognózy |
| 610 | 2 | 0 | |a plánovanie |
| 610 | 2 | 0 | |a efektívnosť inovácií |
| 100 | 1 | |a Molnár, Pavol | |
| 700 | 1 | |a Dupaľ, Andrej | |
| 700 | 1 | |a Štefánik, Ján | |
| 700 | 1 | |a Mišík, Vladimír | |
| 710 | 2 | |a Ekonomická univerzita v Bratislave. Fakulta podnikového manažmentu | |